Datum a čas kvízu
27
Celkem bodů
Celkový počet nahraných bodů na tomto kvízu bez doplňovacích otázek.
9.
Pořadí na kvízu
Konečné umístění týmu na tomto kvízu.
Zaznamenané odpovědi
| # | Otázka | Odpověď | Body | Výsledky |
|---|---|---|---|---|
| 1. | V úterý jsme se dozvěděli, že... | Lidové noviny | 1 | |
| 2. | Minulý týden rozsáhlý výpadek... | CrowdStrike | 1 | |
| 3. | Na čtvrté místo stovky nejhorš... | C) chlebová polévka | 1 | |
| 4. | Česká obchodní inspekce minulý... | Penny Market | 1 | |
| 5. | Minulý týden byl jako přestup... | Roman Červenka | 1 | |
| 6. | Na hudební téma Přátelství z m... | v 18. století | 1 | |
| 7. | Ve které filmové sérii se obje... | Toy Story: Příběh hraček | 1 | |
| 8. | Zprovoznění sociální sítě Face... | B | 0 | |
| 9. | Kterým slovem na F označují če... | frazém | 0 | |
| 10. | V románu Bylo nás pět vzpomíná... | Ota (Otakárek) | 0 |